[Event "Provincial-ch Xeraco Preferente"]
[Site "Xeraco"]
[Date "2014.11.15"]
[Round "6.2"]
[White "Barbero Verdu, Francisco"]
[Black "Deruelle Sala, Albert"]
[Result "1/2-1/2"]
[WhiteElo "2051"]
[BlackElo "2063"]
[PlyCount "140"]
[EventDate "2014.09.27"]
[EventType "swiss"]
[EventRounds "7"]
[EventCountry "ESP"]
[SourceTitle "EXT 2024"]
[Source "ChessBase"]
[SourceDate "2023.10.10"]
[SourceVersion "1"]
[SourceVersionDate "2023.10.10"]
[SourceQuality "1"]

1. b3 e5 2. Bb2 Nc6 3. e3 f5 4. Bb5 Qe7 5. e4 Nf6 6. exf5 d5 7. Qe2 e4 8. g4 h5 9. g5 Ng4 10. h3 Bxf5 11. Bxc6+ bxc6 12. hxg4 Bxg4 13. Qa6 Kd7 14. c4 e3 15. f3 d4 16. c5 exd2+ 17. Kxd2 Qe3+ 18. Kd1 Bxf3+ 19. Nxf3 Qxf3+ 20. Kc2 Qxh1 21. Qd3 Qd5 22. Nd2 Re8 23. b4 Re3 24. Qxd4 Qxd4 25. Bxd4 Re2 26. Rf1 h4 27. Kd3 Rg2 28. Nf3 h3 29. Ne5+ Kc8 30. Ng6 Rh5 31. Rxf8+ Kb7 32. Rf1 h2 33. Rh1 Rh3+ 34. Ke4 Rxg5 35. Nf4 Rh4 36. Bf2 Rh8 37. a4 Re8+ 38. Kf3 Rf5 39. Kg4 Rf7 40. Rxh2 Re4 41. Bg3 Rxb4 42. Kg5 Rd7 43. Kf5 Rc4 44. Rb2+ Ka6 45. Ne6 Rd5+ 46. Be5 Rd1 47. Nxc7+ Ka5 48. Bd6 Re1 49. Rb7 Kxa4 50. Rxa7+ Kb3 51. Ra6 Rc2 52. Rxc6 Rf2+ 53. Kg4 Rg1+ 54. Kh3 Rf6 55. Rb6+ Kc4 56. Bg3 Rf8 57. Kh2 Rgf1 58. Rg6 R1f5 59. Rg4+ Kd3 60. Ne6 R8f6 61. Nxg7 Rxc5 62. Ne8 Rf8 63. Nd6 Ke3 64. Ra4 Rh8+ 65. Bh4 Rc2+ 66. Kh3 Rg8 67. Nf5+ Kd3 68. Ra3+ Ke4 69. Ng3+ Kd5 70. Nf5 Ke4 1/2-1/2